[Event "FIDE WCC Rapid Open 2019"]
[Site "Moscow"]
[Date "2019.12.27"]
[Round "10.91"]
[White "Carlsson, Pontus"]
[Black "Tissir, Mohamed"]
[Result "1-0"]
[WhiteElo "2501"]
[BlackElo "2356"]
[Annotator "ChessBase"]
[PlyCount "127"]
[EventDate "2019.12.26"]
[EventType "swiss"]
[EventCountry "RUS"]
[Tiebreak "Cut2 Buchholz+Sum of Buchholz"]
[SourceTitle "playchess.com"]
[Source "ChessBase"]
[SourceQuality "1"]

1. e4 c5 2. Nf3 d6 3. Bb5+ Nd7 4. d4 cxd4 5. Qxd4 Ngf6 6. Bg5 e6 7. Nc3 Be7 8.
O-O-O O-O 9. e5 Nxe5 10. Nxe5 dxe5 11. Qh4 Nd5 12. f4 f6 13. Bd3 g6 14. Bh6 Rf7
15. Bc4 f5 16. Qe1 Bb4 17. Bxd5 exd5 18. Qxe5 Bxc3 19. Qxc3 Be6 20. Rhe1 Qd7
21. Qe5 Re7 22. Bg5 Ree8 23. Bh6 Re7 24. Rxd5 Bxd5 25. Qxe7 Qxe7 26. Rxe7 Bxg2
27. Rg7+ Kh8 28. Re7 Kg8 29. Rg7+ Kh8 30. Rc7 Rd8 31. c4 Be4 32. b4 Kg8 33.
Rg7+ Kh8 34. Rc7 Kg8 35. b5 Rd4 36. Rg7+ Kh8 37. Rc7 Kg8 38. a4 g5 39. Bxg5 Bd3
40. Rxb7 Rxc4+ 41. Kd2 Be4 42. Rxa7 Rc2+ 43. Ke3 Rxh2 44. b6 Rb2 45. a5 Rb4 46.
Bh6 Rb3+ 47. Kd4 Rh3 48. Bg5 h6 49. Bf6 Rb3 50. Kc4 Rb1 51. Kc5 Rc1+ 52. Kd6
Rb1 53. Bd4 h5 54. a6 h4 55. b7 h3 56. Ra8+ Kf7 57. b8=Q Rxb8 58. Rxb8 h2 59.
Rh8 h1=Q 60. Rxh1 Bxh1 61. Kd7 Bf3 62. Be5 Be4 63. a7 Bf3 64. Kc7 1-0